书目信息 |
| 题名: |
共产主义者同盟
|
|
| 作者: | 张友伦 著 | |
| 分册: | ||
| 出版信息: | 北京 商务印书馆 1971 |
|
| 页数: | 48页 | |
| 开本: | 20cm | |
| 丛书名: | ||
| 单 册: | ||
| 中图分类: | D11 | |
| 科图分类: | ||
| 主题词: | 国际共产主义运动 | |
| 电子资源: | ||
| ISBN: | ||
| 000 | 00579nam0 2200217 450 | |
| 001 | 0737270265 | |
| 005 | 20070926102213.60 | |
| 010 | @dCNY0.11 | |
| 091 | @a11017.275 | |
| 100 | @a20070926d1971 km y0chiy0120 ea | |
| 101 | 0 | @achi |
| 102 | @aCN@b110000 | |
| 200 | 1 | @a共产主义者同盟@Agong chan zhu yi zhe tong meng@f张友伦著@Fzhang you lun zhu |
| 210 | @a北京@c商务印书馆@d1971 | |
| 215 | @a48页@d20cm | |
| 300 | @a历史知识读物 | |
| 606 | 0 | @a国际共产主义运动 |
| 690 | @aD11@v3 | |
| 701 | 0 | @a张友伦@Azhang you lun@4著 |
| 801 | 0 | @aCN@bPFT@c20070926 |
| 905 | @a10447@dD11@e40 | |
| 共产主义者同盟/张友伦著.-北京:商务印书馆,1971 |
| 48页;20cm |
| 历史知识读物 |
| ISBN :CNY0.11 |
| ● |
| 相关链接 |
|
|
|
|
正题名:共产主义者同盟
索取号:D11/40
 
预约/预借
| 序号 | 登录号 | 条形码 | 馆藏地/架位号 | 状态 | 备注 |
| 1 | 0609388 | 206093886 | 第一样本阅览室/ [索取号:D11/40] | 在馆 |